000 00416nam a2200181Ia 4500
001 2653
005 20260306144822.0
008 260306t2006||||xx |||||||||||||| ||spa||
041 _aESP
082 _a200.19
_bJ89
100 _aJung, Carl Gustav
_eAUT
245 0 _aPsicologÍa y religión
260 _c2006
300 _a168 páginas :
_c19 cm.
650 _aGEN
654 _aCHU
942 _cLIB
_dJUS
_fJUS
_2ddc
_n
999 _c2653
_d2653